Word Ladder: Texas Sports Quiz Stats

 Plays Quiz Updated Aug 30, 2015

Challenge
Share
Tweet
Embed
Score 0/51 Timer 05:00
0 Plays Today
★ Hint ★ 4-Letter Word % Correct
Texas nickname: ___ Star StateLONE
97%
Type of slawCOLE
96.5%
Road construction markerCONE
94.4%
Fans' chants of displeasureBOOS
94%
Owl callHOOT
94%
Bound reading materialBOOK
93.6%
★ Early Houston Astros: ____ .45s ★COLT
92.7%
★ Dallas NFL team (abbrev) ★'BOYS
92.3%
Hudson, Baffin, and ChesapeakeBAYS
91.8%
ListenHEAR
90.2%
Baseball great WillieMAYS
89.9%
Mountain topPEAK
89.2%
ElevateRISE
89.1%
Procure fruit from treePICK
89.1%
The 'boy' of a speciesMALE
88.9%
★ Corpus Christi baseball player ★HOOK
88.3%
Texas Gov. PerryRICK
88.2%
Dark, rail-like waterbirdCOOT
87.5%
Connery or PennSEAN
86.9%
Quarter bushelPECK
86.4%
Penalty marker in footballFLAG
86.4%
College men's society (abbrev)FRAT
85.9%
Early part of the dayMORN
85.5%
★ UT song: Yellow ____ of Texas ★ROSE
85%
★ Houston university of Owls ★RICE
84.9%
AccomplishmentFEAT
81.9%
★ Hint ★ 4-Letter Word % Correct
★ Dallas NBA team (abbrev) ★MAVS
81%
★ TCU athlete: Horned ____FROG
80.9%
★ Laredo soccer team ★HEAT
79.6%
★ San Antonio NBA player ★SPUR
79%
Ollie's partner LaurelSTAN
78.8%
★ Dallas NHL player ★STAR
78.6%
Beat soundlyFLOG
77.7%
Destroy by grenadeFRAG
77.1%
★ UNT ____ Green ★MEAN
76.5%
Complain, lamentMOAN
76.2%
★ Baylor athlete ★BEAR
75.5%
Petty quarrelSPAT
75.5%
West African country of BamakoMALI
74.8%
Undetected informerMOLE
74.6%
Venetian blind partSLAT
74.4%
Practice pugilismSPAR
74%
To have turned straw into goldSPUN
73%
Smelting wasteSLAG
72.5%
Dwight Schrute's cousinMOSE
72%
Part of bridge between supportsSPAN
71.5%
★ U. Texas athlete [with last rung] ★LONG
71.4%
★ U. Texas athlete [with first rung] ★HORN
68.6%
Turkish denim companyMAVI
62.7%
Texas Judge Roy ____BEAN
57.8%
Ancient Greek hymn of praisePEAN
54.6%

Today's Daily Dose

You're not logged in!

Compare scores with friends on all Sporcle quizzes.
Join for Free
OR
Log In

You Might Also Like...

Show Comments

Extras

Top Quizzes Today


Score Distribution

Your Account Isn't Verified!

In order to create a playlist on Sporcle, you need to verify the email address you used during registration. Go to your Sporcle Settings to finish the process.

Report this User

Report this user for behavior that violates our Community Guidelines.

Details: